[Event "It (open) (active)"]
[Site "masterchessopen.com La Palma (Spain)"]
[Date "2005.06.12"]
[Round "7"]
[White "Peralta Fernando (ARG)"]
[Black "Kurajica Bojan (CRO)"]
[Result "1-0"]
[WhiteElo "2538"]
[BlackElo "2533"]

{ Kurajica Bojan (BIH) +0 =3 -0 } 1.d4 Nf6 2.c4 e6 3.Nc3 Bb4 4.e3 O-O 5.Bd3 d5
6.Nf3 b6 7.O-O dxc4 ( 7...Bb7 8.cxd5 exd5 9.Ne5 Nbd7 10.f4 c5 11.Bd2 Re8
12.Nb5 Nf8 13.Rc1 Bxd2 14.Qxd2 Qe7 15.Qf2 a6 16.Nc3 Rac8 17.Bf5 Rc7 18.Rfd1 b5
19.Qf3 cxd4 20.exd4 { 1/2-1/2, Zaja Ivan 2476 - Kurajica Bojan 2542 ,
Solin/Split 2001 It (cat.12) } ) 8.Bxc4 Bb7 ( 8...c5 9.a3 cxd4 10.axb4 dxc3
11.Qxd8 Rxd8 12.bxc3 a5 13.Bb2 Bb7 14.Be2 Nbd7 15.Rfd1 Rdc8 16.Kf1 Bd5 17.Nd2
Ne5 18.f3 Ne8 19.e4 Bc4 20.Nxc4 Nxc4 21.Bxc4 Rxc4 22.Rd7 Rc7 23.Rad1 f6
24.Rxc7 Nxc7 25.Rd6 Rb8 26.Ke2 e5 27.g3 axb4 28.cxb4 { ...1-0, Jussupow Artur
2680 - Rozentalis Eduardas 2610 , Germany 1995 Bundesliga 1995/96 } ) 9.a3
Bxc3 ( 9...Bd6 10.Qe2 Nbd7 11.e4 c5 12.dxc5 bxc5 13.Bg5 Qb8 14.Rad1 Ne5
15.Bxf6 gxf6 16.Nxe5 Bxe5 17.f4 Bxf4 18.Qg4+ Bg5 19.Rxf6 Qe5 20.Rf3 Qg7 21.Kh1
Bf6 22.Bxe6 fxe6 23.Qxe6+ Kh8 24.Rd7 Bc8 25.Rxg7 Bxe6 26.Rc7 Bg4 { 0-1,
Nikolov Sasho 2361 - Neverov Valeriy 2588 , Ljubljana 2002 It (open) } )
10.bxc3 c5 { ?/= } ( 10...Nbd7 11.Re1 c5 12.a4 Qc7 13.Ba3 Rad8 14.Qe2 e5 15.a5
h6 16.Nd2 Rfe8 17.Nb3 exd4 18.cxd4 cxd4 19.Rac1 Qe5 20.exd4 Qg5 21.Qf1 Nd5
22.Bd6 N7f6 23.Re5 Rxe5 24.Bxe5 Nh5 25.Re1 Nhf4 26.Re4 Rc8 27.Nd2 Nh3+ 28.Kh1
Qxd2 29.gxh3 Rxc4 { 0-1, Mattson Dave - Epishin Vladimir 2599 , Kapuskasing
13. 7.2004 It (open) } ) 11.Bd3 { ^00 ^01 ^00 ^00 ^00 ^05 Bb7e4 ^254 ^00 ^00
^00 ^128 } ( 11.Qe2 Nbd7 12.Bd3 Bxf3 13.Qxf3 e5 14.Bb2 Qe7 15.Qh3 Rad8 16.Bf5
Rfe8 17.Rfd1 Nf8 18.Qg3 Ng6 19.Bxg6 hxg6 20.Qxe5 Qxe5 21.dxe5 Ne4 22.Kf1 Nd2+
23.Ke2 Nc4 24.Rxd8 Rxd8 25.Bc1 Nxe5 26.e4 Nc4 27.f3 f6 28.h4 Kf7 29.a4 Ke6
30.Bf4 Rh8 { ...1/2-1/2, Cifuentes Parada Roberto 2500 - Piket Jeroen 2580 ,
Amsterdam 1996 Ch Netherlands } ) ( 11.Re1 Nbd7 12.Bd3 Be4 13.Bxe4 Nxe4 14.Qd3
f5 15.c4 Qe7 16.Bb2 Rad8 17.a4 e5 18.Qc2 exd4 19.exd4 Qf7 20.d5 Rfe8 21.Re3
Re7 22.Rae1 Rde8 23.Nd2 Nd6 24.Qd3 Rxe3 25.Rxe3 Rxe3 26.Qxe3 f4 27.Qe2 Qf5
28.Qe7 Nf7 29.Qe6 g6 30.Qe8+ Nf8 { ...1-0, Gulko Boris F 2635 - Lobron Eric
2575 , Groningen 1993 Ch World (qual) (PCA) } ) 11...Be4 { N ^254 ^00 ^00 ^00
^04 !? } ( 11...Qc7 12.Bb2 Rd8 ( 12...Be4 13.c4 Nbd7 14.Bxe4 Nxe4 15.Qe2 Rfe8
16.Rfd1 Rac8 17.Rac1 Nd6 18.Qd3 Nb7 19.d5 e5 20.Ng5 Nf6 21.e4 h6 22.Nf3 Nd7
23.Nd2 Nd6 24.Re1 f6 25.Qh3 Nf8 26.Qg3 Qd7 27.Rf1 Kh7 28.Qd3 a6 29.f4 Ng6
30.f5 Nf8 31.a4 { ...0-1, Gligoric Svetozar 2565 - Huebner Robert Dr 2595 ,
Bugojno 1978 It (cat.14) } ) 13.Re1 Be4 14.Bxe4 Nxe4 15.Qd3 f5 16.c4 Nc6
17.Rad1 Rac8 18.d5 Ne7 19.g4 exd5 20.gxf5 Nxf5 21.cxd5 Nfd6 22.Be5 Qf7 23.Bxd6
Qxf3 24.Bg3 c4 25.Qf1 c3 26.Qe2 Qf5 27.d6 c2 28.Rc1 Rc5 29.Kg2 Qd5 30.f3 Nxg3
31.hxg3 { ...1/2-1/2, Gligoric Svetozar 2565 - Huebner Robert Dr 2600 , Bad
Lauterberg 1977 It } ) ( 11...Nbd7 12.Re1 e5 13.e4 Qc7 14.Bg5 exd4 15.cxd4
cxd4 16.e5 Nd5 17.Rc1 Nc5 18.Nxd4 g6 19.Bc4 Rfe8 20.Nb5 Qc6 21.Nd6 Ne3
22.Bxf7+ Kg7 23.Qf3 Qxf3 24.gxf3 { 1-0, Gulko Boris F 2635 - Hjartarson Johann
2605 , Groningen 1993 Ch World (qual) (PCA) } ) 12.Bxe4 Nxe4 13.Qd3 Qd5 14.c4
Qb7 15.d5 exd5 16.cxd5 Re8 17.Bb2 Nd7 18.Nh4 Nef6 19.Rad1 Ne5 20.Qf5 Nfd7
21.Qh3 f6 22.Nf5 Qb8 { ?! } ( 22...Nf7 { !? } 23.d6 Nfe5 24.f3 Nc4 { } ) 23.d6
{ ?! } ( 23.f4 { !? } 23...Nf7 24.Nxg7 Kxg7 25.Qg4+ { } ) 23...Qb7 24.Qg3 Ng6
25.f3 Kf7 26.Qh3 Kg8 27.Qg3 Kf7 28.Qg4 Qa6 { ?! } ( 28...Kg8 { !? } 29.f4 Rad8
{ } ) 29.Nh6+ Kf8 30.Qxd7 Qc4 31.Nf5 { +5.50 CAP } {#r} 1-0

[Event "It (open)"]
[Site "masterchessopen.com Barbera (Spain)"]
[Date "2005.07.06"]
[Round "3"]
[White "Del Rio Angelis Salvador G (ESP)"]
[Black "Rotstein Arkadij (GER)"]
[Result "0-1"]
[WhiteElo "2489"]
[BlackElo "2528"]

{ Rotstein Arkadij (GER) +1 =0 -0 } 1.d4 Nf6 2.c4 e6 3.Nc3 Bb4 4.e3 O-O 5.Bd3
d5 6.Nf3 b6 7.O-O Bb7 8.cxd5 exd5 9.a3 Bd6 10.b4 Nbd7 11.Qb3 { = } 11...Re8 (
11...a6 12.a4 Qe7 13.Rb1 Rfd8 14.b5 Nf8 15.Bb2 Ne6 16.Rbc1 axb5 17.axb5 Ne4
18.Qc2 N6g5 19.Nxg5 Nxg5 20.Rfe1 h5 21.f4 Ne4 22.Nxe4 dxe4 23.Bc4 Ra5 24.Bc3
Ra3 25.Bb2 Ra5 26.Bc3 Ra3 { 1/2-1/2, Kasimdzhanov Rustam 2678 - Vallejo Pons
Francisco 2686 , Linares 23. 2.2005 It (cat.20) } ) ( 11...c6 12.a4 Rb8 13.Ba3
g6 14.Rfe1 Re8 15.e4 dxe4 16.Bxe4 Re7 17.Bb2 { 1/2-1/2, Lalic Bogdan 2590 -
Gofshtein Zvulon 2535 , Biel 1995 It (open) } ) 12.a4 ( 12.b5 Ne4 13.a4 g5
14.Ba3 g4 15.Bxe4 dxe4 16.Nd2 Bxh2+ 17.Kxh2 Qh4+ 18.Kg1 Re6 19.Rfc1 Rh6 20.Kf1
g3 21.fxg3 Qh1+ 22.Ke2 Qxg2+ 23.Kd1 Nf6 24.Be7 Rh2 25.Ncb1 Nd5 26.Bb4 Qe2+
27.Kc2 Nxe3+ 28.Kb2 Bd5 29.Qc3 Nc4+ { 0-1, Roemer Ulrich 2277 - Nogueiras
Jesus 2555 , Lugano 1987 } ) ( 12.Re1 a6 13.a4 Qe7 14.Ba3 Reb8 15.b5 Bxa3
16.bxa6 Bxa6 17.Bxa6 Rxa6 18.Qxa3 { 1/2-1/2, Sherbakov Ruslan 2557 -
Shariyazdanov Andrey 2576 , Ekaterinburg 2002 Ch Russia (club) } ) 12...c6 (
12...a6 13.Ba3 Qe7 14.b5 a5 15.Rfc1 Rac8 16.Bf5 g6 17.Bh3 Bxa3 18.Qxa3 Qxa3
19.Rxa3 c5 20.Ne5 Nxe5 21.dxe5 Rxe5 22.Bxc8 Bxc8 23.Ne2 Bb7 24.f3 Ne8 25.Rd3
Kf8 26.Kf2 Nc7 27.Rcd1 f5 28.h4 Ke7 29.Nf4 Kd6 30.Rc3 Ne8 31.Nd3 Re7 32.Nb2 {
...1/2-1/2, Handke Florian 2310 - Onischuk Alexander 2630 , Fuerth 1998 It
(open) } ) 13.a5 ( 13.Ba3 Nf8 14.Ne2 Ne4 15.Ng3 Qd7 16.Rfd1 f5 17.Bb2 Ng6
18.a5 Rab8 19.axb6 axb6 20.Ra7 Kh8 21.b5 Bxg3 22.hxg3 c5 23.dxc5 bxc5 24.Bc4
dxc4 25.Rxd7 cxb3 26.Rxg7 c4 27.Rgxb7+ c3 28.Rxh7+ Kg8 29.Rag7+ Kf8 30.Ba3+
Re7 31.Rxg6 Rb7 32.Ne5 { 1-0, Ehlvest Jaan 2610 - Slipak Sergio 2515 , Villa
Martelli 1997 It (cat.13) } ) ( 13.Re1 Ne4 14.b5 c5 15.Nxd5 cxd4 16.exd4 Ndf6
17.Ne3 Bf4 18.Nc4 Bc7 19.Bb2 Qd5 20.Ncd2 Bxh2+ 21.Nxh2 Nxd2 22.Qxd5 Bxd5
23.Rxe8+ Rxe8 24.Nf1 Nxf1 25.Kxf1 Be4 26.Bxe4 Nxe4 27.Rc1 h5 28.d5 Rd8 29.Rd1
f6 30.Rd4 Nd6 31.Ba3 Nf5 32.Rd3 Kf7 { ...0-1, Nikcevic Nebojsa 2454 - Kostic
Vladimir 2411 , Budva 18. 9.2004 Ch SCG (team) } ) 13...b5 { -0.11 CAP }
14.Ne2 { N } ( 14.e4 Bxb4 15.Nxd5 cxd5 16.e5 Bxa5 17.Bxb5 Ne4 18.Bxd7 Qxd7
19.Rxa5 Reb8 20.Qa3 Bc6 21.Ng5 Bb5 22.Re1 Nxg5 23.Bxg5 a6 24.Qg3 Qf5 25.h4 Rb6
26.Ra3 Kh8 27.Rf3 Qd7 28.h5 h6 29.Bd2 Re8 30.Qf4 f6 31.Rfe3 Qf7 32.exf6 Rxf6
33.Rxe8+ Bxe8 { ...1/2-1/2, Wells Peter K 2517 - Hertneck Gerald 2570 ,
Austria 2001 Staatsliga 2000/01 } ) 14...Qe7 15.Bd2 Ne4 16.Be1 Rad8 17.Kh1 Qf6
18.Rc1 a6 19.Nfg1 Qh6 20.g3 { ?! } ( 20.Nh3 { !? } 20...Nef6 21.Nef4 Nf8
22.Bc3 { } ) 20...Bb8 21.Nf4 Ndf6 22.f3 Nd6 23.Bf2 Nc4 24.Rcd1 Re7 25.Rfe1
Rde8 26.Ng2 Bc8 27.Re2 { ?! } ( 27.Nf4 { !? } 27...Bd7 28.Bxc4 bxc4 29.Qc3 { }
) 27...Nh5 28.Nf4 Nxe3 29.Rxe3 Rxe3 30.Bxe3 { ?! } ( 30.Nxh5 { !? } 30...Rxd3
31.Rxd3 Qxh5 32.Re3 { } ) 30...Nxg3+ 31.Kg2 Rxe3 { ? } ( 31...Nf5 32.Bxf5 Bxf5
33.Qc3 Bxf4 { } ) 32.hxg3 Bxf4 33.gxf4 Bf5 34.Kf2 Qxf4 35.Qb1 Bxd3 36.Rxd3 Re6
37.Rd1 { ? } ( 37.Kf1 Qh2 38.Qd1 Rg6 39.Ne2 { } ) 37...Qh2+ 38.Kf1 Rg6 { }
{#R} 0-1

[Event "Ch Paris (open)"]
[Site "masterchessopen.com Paris (France)"]
[Date "2005.07.16"]
[Round "8"]
[White "Templier Nicolas (FRA)"]
[Black "Struk Jerzy (POL)"]
[Result "1-0"]
[WhiteElo "2275"]
[BlackElo "2254"]

1.d4 Nf6 2.c4 e6 3.Nc3 Bb4 4.e3 O-O 5.Bd3 d5 6.Nf3 b6 7.O-O Bb7 8.cxd5 exd5
9.Qc2 Nbd7 10.a3 Be7 11.Ne5 a6 12.Bd2 c5 13.Rad1 b5 14.Nxd7 Qxd7 15.dxc5 Qc6
16.Ne2 Qxc5 17.Bb4 Qxc2 18.Bxc2 Bxb4 19.axb4 Rfd8 20.Bb3 Kf8 21.h4 Rac8 22.Rd4
Ke7 23.Ra1 Rc7 24.Nc3 h5 25.f3 Rcd7 26.Rad1 Rh8 27.Kf2 Rhd8 28.Kg3 Rd6 29.Kf4
Rh8 30.e4 Rdd8 31.e5 Nd7 32.Bxd5 Bc8 33.Bb3 Rh6 34.Ne4 Rf8 35.Rc1 f6 36.e6 g5+
37.Ke3 f5 38.exd7 Bxd7 39.Nxg5 {#r} 1-0

[Event "Ch Australia"]
[Site "masterchessopen.com Brisbane (Australia)"]
[Date "2006.01.05"]
[Round "8"]
[White "Zhao Zong-Yuan (AUS)"]
[Black "Chandler Murray G (ENG)"]
[Result "0-1"]
[WhiteElo "2455"]
[BlackElo "2540"]

{ Chandler Murray G (ENG) +2 =2 -1 } 1.d4 Nf6 2.c4 e6 3.Nc3 Bb4 4.e3 O-O 5.Bd3
d5 6.Nf3 b6 7.O-O Bb7 8.a3 Bd6 9.cxd5 exd5 10.b4 a6 11.Qb3 ( 11.Qc2 Nbd7 12.b5
Qe7 13.a4 axb5 14.Nxb5 Rfc8 15.Nxd6 Qxd6 16.Ba3 Qc6 17.Bb4 Qxc2 18.Bxc2 c5
19.dxc5 bxc5 20.Bd2 Ne4 21.Rfb1 Ba6 22.Be1 h6 23.Rd1 Ndf6 24.Ne5 Be2 25.Rdc1
d4 26.f3 Nd6 27.exd4 cxd4 28.Bb4 Nfe8 29.Kf2 Ba6 30.Bd1 Nc4 { ...1-0, Lugovoi
Aleksei 2498 - Loginov Valery A 2513 , St. Petersburg 2001 Ch St. Petersburg }
) 11...Qe7 12.b5 axb5 ( 12...Nbd7 13.a4 axb5 14.Nxb5 Rfb8 15.Nxd6 Qxd6 16.Ba3
c5 17.Rfc1 Bc6 18.Bb5 Bxb5 19.Qxb5 Qe6 20.Rab1 Ra5 21.Qb3 c4 22.Qc2 Rba8
23.Rb4 b5 24.Qb2 Rxa4 25.Rxa4 Rxa4 26.Rb1 Qa6 27.Be7 Ra2 28.Qb4 Ra1 29.h3
Rxb1+ 30.Qxb1 Ne4 31.Ne1 g6 32.Bb4 { ...0-1, Iotov Valentin 2254 - Spassov
Liuben 2383 , Borovec 2002 Memorial Baharov (open) } ) 13.Nxb5 Nbd7 14.a4 { =
} ( 14.Bb2 c5 15.Nxd6 Qxd6 16.Bf5 ( 16.dxc5 bxc5 17.Rfd1 { +0.26 CAP } )
16...c4 17.Qc2 g6 18.Bxd7 Nxd7 19.Ne5 Rfe8 20.Bc3 Bc6 21.Qb2 Ba4 22.e4 f6
23.Nxd7 Qxd7 24.e5 Qe6 25.exf6 Qxf6 26.Rfe1 Rxe1+ 27.Rxe1 Re8 28.Re5 Rxe5
29.dxe5 Qe6 30.Bd4 Bb3 31.h3 h5 32.Qd2 Ba4 33.Qg5 Kf7 { ...1-0, Jussupow Artur
2640 - Timman Jan H 2665 , Linares 1992 Ch World (match) (cand.) (1/2) } )
14...c5 15.Ba3 ( 15.Nxd6 Qxd6 16.Bf5 c4 17.Qc2 Rfe8 18.Bb2 Bc8 { 1/2-1/2,
Gligoric Svetozar 2565 - Stean Michael F 2530 , Baden-Baden 1980 It (cat.12) }
) 15...Ba6 { -0.15 CAP } ( 15...Bc6 16.dxc5 bxc5 17.Nfd4 Bxb5 18.Nxb5 Bxh2+
19.Kxh2 Qe5+ 20.g3 c4 21.Qd1 cxd3 22.Bxf8 Rxf8 23.Qxd3 Qh5+ 24.Kg2 Ne5 25.Qd4
Qf3+ 26.Kg1 Qh5 27.Kg2 Qf3+ { 1/2-1/2, Vareille Francois 2410 - Chuchelov
Vladimir 2540 , Bourbon-Lancy 1998 It (open) } ) 16.Rfd1 { N } ( 16.Bf5 Rfc8
17.Nxd6 Qxd6 18.Rfc1 Rc7 19.a5 Bc4 20.Qd1 bxa5 21.dxc5 Qa6 22.Qd4 Qa7 23.Qh4
Rb8 24.Rab1 a4 25.Rxb8+ Qxb8 26.Qf4 Qa7 27.Rb1 Bb3 28.Nd4 Rxc5 29.Bxd7 Nxd7
30.Bxc5 Nxc5 31.Qd6 g6 32.Nxb3 axb3 33.Qxd5 Qa2 34.Qd8+ Kg7 35.Qd4+ f6 {
...1-0, Siegel Georg 2540 - Lingnau Carsten 2425 , Budapest 1997 It (cat.7) }
) ( 16.Rfb1 g6 17.Qd1 Bxb5 18.Bxb5 c4 19.Bxd6 Qxd6 20.Nd2 Rfc8 21.Rc1 Kg7
22.Nb1 Nf8 23.Nc3 h5 24.f3 Ne6 25.Ra2 h4 26.Rf2 Ra7 27.Qd2 Re7 28.Rd1 Rd8
29.Rff1 Nc7 30.Rfe1 Nxb5 31.Nxb5 Qd7 32.Re2 h3 33.g3 Rde8 34.Rde1 Ra8 35.Nc3
Qf5 { ...1/2-1/2, Beliavsky Alexander G 2620 - Hracek Zbynek 2625 , Polanica
Zdroj 1996 Memorial A.Rubinstein } ) 16...Bxb5 17.Bxb5 c4 18.Bxd6 Qxd6 19.Qc2
g6 20.h3 Rfc8 21.Nd2 Nf8 22.Nb1 { ?! } ( 22.e4 Qf4 23.g3 Qh6 24.exd5 { } )
22...Ne6 23.Nc3 Ng5 24.Rf1 Nge4 25.f3 Ng3 { ? } ( 25...Nxc3 { !? } 26.Qxc3 Ra7
27.Rfc1 Nh5 { } ) 26.Rfe1 Nf5 27.Rad1 Rd8 28.g4 { ?! } ( 28.Qf2 Qb4 29.e4 Qxc3
30.exf5 { } ) 28...Ng7 { ?! } ( 28...Nh4 29.Qf2 g5 30.Rf1 Qe6 { } ) 29.Kg2 {
?! } ( 29.Qh2 Ne6 30.Qxd6 Rxd6 31.Kf2 { } ) 29...Ne6 30.Qf2 Ra7 31.Qg3 Qb4
32.Rc1 h6 33.Qe5 Kg7 34.e4 { ?! } ( 34.h4 Re7 35.Kf1 Nc7 36.Rb1 { } ) 34...g5
35.Ne2 dxe4 36.fxe4 Re7 37.Qg3 { ? } ( 37.Rb1 { !? } 37...Qa3 38.Ra1 Qb3
39.Rab1 { } ) 37...Nxe4 38.Qe3 { ?! } ( 38.Qe5+ Nf6 39.Kg1 Nxd4 40.Nf4 { } )
38...Nf4+ 39.Nxf4 gxf4 40.Qxf4 Qb2+ { } {#R} 0-1

[Event "It (open)"]
[Site "masterchessopen.com Moscow (Russia)"]
[Date "2006.02.01"]
[Round "4"]
[White "Guseva Marina (RUS)"]
[Black "Romanov Evgeny (RUS)"]
[Result "0-1"]
[WhiteElo "2306"]
[BlackElo "2500"]

1.d4 Nf6 2.c4 e6 3.Nc3 Bb4 4.e3 O-O 5.Bd3 d5 6.Nf3 b6 7.O-O Bb7 8.cxd5 exd5
9.a3 Bd6 10.b4 a6 11.Qb3 Qe7 12.b5 axb5 13.Nxb5 Nbd7 14.Nxd6 Qxd6 15.Bf5 g6
16.Bxd7 Nxd7 17.Bb2 Ba6 18.Rfe1 Bc4 19.Qc3 b5 20.Qc1 Rfe8 21.Bc3 f6 22.Nd2 Re6
23.Bb4 Qc6 24.Qc2 Nb6 25.Rac1 Qd7 26.Bc5 Na4 27.Bb4 Rae8 28.Nb1 Qf7 29.Nc3
Nxc3 30.Qxc3 g5 31.Qd2 g4 32.h4 gxh3 33.gxh3 f5 34.Kh2 f4 35.Rg1+ Kh8 36.Rce1
Rh6 37.Qd1 fxe3 38.fxe3 Re4 39.Rg3 Qf2+ {#R} 0-1

[Event "It (open) \"]
[Site "masterchessopen.com Tromsoe (Norway)"]
[Date "2006.06.25"]
[Round "2"]
[White "Brasoy Aksel (NOR)"]
[Black "Nyland Thomas (NOR)"]
[Result "0-1"]
[WhiteElo "1981"]
[BlackElo "2124"]

1.d4 Nf6 2.c4 e6 3.Nc3 Bb4 4.e3 O-O 5.Bd3 d5 6.Nf3 b6 7.O-O Nbd7 8.cxd5 exd5
9.Qb3 Bxc3 10.bxc3 c5 11.c4 Bb7 12.Rd1 Qc7 13.Ba3 Rfe8 14.Rac1 Rac8 15.Bf5
dxc4 16.Qxc4 Bd5 17.Qe2 Be4 18.Bh3 c4 19.Ne5 b5 20.f3 Bd5 21.Nxd7 Nxd7 22.Bxd7
Qxd7 23.Qd2 f5 24.Re1 Qc6 25.Bc5 a6 26.Qa5 Re6 27.Rc2 Qe8 28.Rce2 Qg6 29.Kh1
Rce8 30.a4 Qh5 31.axb5 Rh6 32.Qc7 axb5 33.Bd6 Qf7 34.e4 fxe4 35.fxe4 Bxe4
36.Qxf7+ Kxf7 37.Rxe4 Rxe4 38.Rxe4 Rxd6 39.Kg1 c3 40.Rf4+ Rf6 {#R} 0-1

[Event "It (open)"]
[Site "masterchessopen.com Bad Wiessee (Germany)"]
[Date "2006.11.07"]
[Round "4"]
[White "Krivoshey Sergei (UKR)"]
[Black "Khenkin Igor (GER)"]
[Result "0-1"]
[WhiteElo "2484"]
[BlackElo "2620"]

1.d4 Nf6 2.c4 e6 3.Nc3 Bb4 4.e3 O-O 5.Bd3 d5 6.Nf3 b6 7.O-O Bb7 8.cxd5 exd5
9.a3 Bd6 10.b4 a6 11.Qb3 Qe7 12.Bb2 Nbd7 13.Rac1 b5 14.Rfe1 Nb6 15.Ne5 Bxe5
16.dxe5 Ng4 17.Nd1 Nxe5 18.Bd4 Nbc4 19.Be2 Rfe8 20.Qc3 a5 21.Bc5 Qg5 22.g3 Qf5
23.Bd4 Nf3+ 24.Bxf3 Qxf3 25.Qd3 Bc8 26.Qe2 Nd2 27.Nc3 Bh3 28.Qxf3 Nxf3+ 29.Kh1
Nxe1 30.Rxe1 c6 31.Kg1 axb4 32.axb4 Ra3 33.f3 Rb3 34.Kf2 Rxb4 35.g4 Rc4 36.Ne2
c5 37.Ba1 Rc2 38.Kg3 Rxe3 39.Rd1 Rcxe2 40.Rxd5 {#R} 0-1

[Event "Memorial Giorgi Tringov (open)"]
[Site "masterchessopen.com Plovdiv (Bulgaria)"]
[Date "2007.02.07"]
[Round "4"]
[White "Janev Tihomir (BUL)"]
[Black "Spassov Liuben (BUL)"]
[Result "0-1"]
[WhiteElo "2265"]
[BlackElo "2410"]

1.d4 Nf6 2.c4 e6 3.Nc3 Bb4 4.e3 O-O 5.Bd3 d5 6.Nf3 b6 7.O-O Bb7 8.cxd5 exd5
9.a3 Bd6 10.b4 a6 11.Qb3 Qe7 12.Bb2 Nbd7 13.Rac1 Rfe8 14.b5 axb5 15.Nxb5 c5
16.Nxd6 Qxd6 17.dxc5 bxc5 18.Rfd1 Bc6 19.Qc3 Rab8 20.Bc4 Qf8 21.Ba2 Ba4
22.Bxd5 Bxd1 23.Rxd1 Nxd5 24.Rxd5 Nf6 25.Rg5 h6 26.Rg3 Qd6 27.h3 Kh8 28.Nh4
Rg8 29.Qc2 Qb6 30.Be5 Qb1+ 31.Qxb1 Rxb1+ 32.Kh2 Ne4 33.Rg4 Nxf2 {#R} 0-1

[Event "Ch Russia (juniors) (under 20)"]
[Site "masterchessopen.com St. Petersburg (Russia)"]
[Date "2007.03.15"]
[Round "6"]
[White "Vitiugov Nikita (RUS)"]
[Black "Iljin Artem (RUS)"]
[Result "1-0"]
[WhiteElo "2594"]
[BlackElo "2565"]

{ Iljin Artem (RUS) +1 =0 -0 } 1.d4 Nf6 2.c4 e6 3.Nc3 Bb4 4.e3 O-O 5.Bd3 d5
6.Nf3 { ? } ( 6.a3 Bxc3+ 7.bxc3 dxc4 8.Bxc4 c5 9.Ne2 Nc6 10.a4 b6 11.Ba3 Qc7
12.Rc1 Rd8 13.Ng3 Bb7 14.O-O Ne5 15.Be2 Ng6 16.Qb3 Rac8 17.Rfd1 Bd5 18.Qb1 Qc6
19.Bb5 Qb7 20.f3 Bc6 21.dxc5 Rxd1+ 22.Rxd1 bxc5 23.e4 a6 24.Bf1 Qa7 25.a5 Rb8
{ ...1/2-1/2, Sokolov Ivan 2670 - Leko Peter 2741 , Odessa 5. 1.2007 Cup World
(active) ACP } ) 6...b6 { ? } ( 6...Nbd7 7.O-O dxc4 8.Bxc4 Bd6 9.e4 e5 10.Bg5
h6 11.Bh4 a6 12.Rc1 exd4 13.Qxd4 g5 14.Bg3 Bxg3 15.hxg3 Nb6 16.Nd5 Nbxd5
17.exd5 Qd6 18.Bb3 Re8 19.Qc5 Re7 20.Nd4 Qxc5 21.Rxc5 Kf8 22.Rfc1 Ne8 23.f3
Bd7 24.Kf2 Rd8 25.g4 { 1/2-1/2, Babula Vlastimil 2565 - Epishin Vladimir 2583
, Graz 2001 It (open) } ) 7.O-O Bb7 8.cxd5 exd5 9.a3 Bd6 10.b4 a6 11.Qb3 (
11.Qc2 Nbd7 12.b5 Qe7 13.a4 axb5 14.Nxb5 Rfc8 15.Nxd6 Qxd6 16.Ba3 Qc6 17.Bb4
Qxc2 18.Bxc2 c5 19.dxc5 bxc5 20.Bd2 Ne4 21.Rfb1 Ba6 22.Be1 h6 23.Rd1 Ndf6
24.Ne5 Be2 25.Rdc1 d4 26.f3 Nd6 27.exd4 cxd4 28.Bb4 Nfe8 29.Kf2 Ba6 30.Bd1 Nc4
{ ...1-0, Lugovoi Aleksei 2498 - Loginov Valery A 2513 , St. Petersburg 2001
Ch St. Petersburg } ) 11...Qe7 { = } 12.Rb1 ( 12.b5 axb5 13.Nxb5 Nc6 14.Bd2
Ne4 15.Nxd6 Qxd6 16.Bb4 Nxb4 17.axb4 Rfc8 18.Rfc1 h6 19.h3 g5 20.b5 Kg7
21.Rxa8 Rxa8 22.Qc2 Rc8 23.Ne5 f6 24.Nc6 Bxc6 25.Qxc6 Qxc6 26.Rxc6 Nd6 27.g4
Ne8 28.Bf5 Rd8 29.Kg2 Kf7 30.Kg3 Ke7 31.Bg6 Nd6 { ...1-0, Gelfand Boris 2700 -
Ljubojevic Ljubomir 2568 , Monaco 2002 It "Melody Amber" (blindfold) } ) (
12.h3 Nbd7 13.Nh4 g6 14.Nf3 b5 15.Re1 Nb6 16.e4 Nxe4 17.Ng5 Rfe8 18.f3 Nc5
19.bxc5 Qxe1+ 20.Bf1 Bg3 21.Nd1 Qxf1+ { 0-1, Lesiege Alexandre 2485 - Ivanov
Alexander 2606 , New York 1993 It (open) } ) 12...Nbd7 13.a4 c6 ( 13...Ne4
14.b5 ( 14.Ba3 Ndf6 15.Ra1 c6 16.a5 b5 17.Ne2 Bc8 18.Ne5 Nd2 19.Qc2 Nxf1
20.Rxf1 Bd7 21.Ng3 Bxe5 22.dxe5 Qxe5 23.Bb2 Qe7 24.Rb1 Rfe8 25.Bd4 Ne4 26.Bxe4
dxe4 27.Qc3 Qg5 28.Rc1 Rac8 29.Qb2 c5 30.bxc5 Rc6 31.Ne2 Bh3 32.Ng3 Bg4 33.h3
{ ...1/2-1/2, Malaniuk Vladimir P 2580 - Khalifman Alexander 2655 , Yalta 1995
It (active) } ) 14...Ndf6 15.bxa6 Bxa6 16.Nb5 c5 17.Nxd6 Qxd6 18.Bxa6 Rxa6
19.dxc5 bxc5 20.Bb2 Rfa8 21.Be5 Qd7 22.Bxf6 Nxf6 23.Qb5 Qa7 24.Rfc1 c4 25.Nd4
Rxa4 26.Nc6 Qd7 27.h3 h5 28.Qc5 Ra2 29.f3 Rxg2+ 30.Kxg2 Ra2+ 31.Kg3 Qc7+
32.Kh4 Rg2 33.Rb8+ { ...0-1, Kharitonov Alexandr 2428 - Iljin Artem 2462 ,
Peniscola 2002 Ch Europe (juniors) (under 16) } ) ( 13...Rfe8 14.b5 axb5
15.axb5 Ne4 16.Nxd5 Bxd5 17.Qxd5 Nc3 18.Qb3 Nxb1 19.Qxb1 Nf6 20.e4 Nxe4 21.Re1
f5 22.Ng5 Kh8 23.Bxe4 Qf6 24.h4 fxe4 25.Rxe4 Qg6 26.f3 Rxe4 27.Nxe4 Rf8 28.Qb3
h6 29.Be3 Rxf3 30.h5 Qxe4 31.gxf3 Qxf3 32.Qe6 Qxh5 33.Kg2 { ...0-1, Onischuk
Alexander 2658 - Kasimdzhanov Rustam 2676 , Moscow 2002 It "Grand Prix"
(active) } ) 14.a5 { N } ( 14.Re1 Ne4 15.b5 Nxc3 16.Qxc3 cxb5 17.axb5 a5
18.Qb3 Nf6 19.Ra1 Ne4 20.Ba3 Bxa3 21.Rxa3 Rac8 22.Qb2 Rc7 23.Raa1 Rfc8 24.Rac1
f6 25.Nd2 Qb4 26.Qxb4 axb4 27.Rxc7 Rxc7 28.Bxe4 dxe4 29.Kf1 Rc2 30.Ke2 Bd5
31.Rb1 b3 32.Ke1 Rc3 33.Kd1 f5 { ...1/2-1/2, Papa Severin 2411 - Graf
Alexander 2661 , Germany 13.11.2004 Bundesliga 2004/05 } ) ( 14.Bf5 g6 15.Bh3
b5 16.axb5 axb5 17.Ng5 Nb6 18.e4 dxe4 19.Re1 Qc7 20.Ncxe4 Nxe4 21.Rxe4 Nd5
22.Bd2 Bxh2+ 23.Kh1 Bd6 24.Rbe1 Nf6 25.Re5 Bc8 26.Qf3 Bxe5 27.dxe5 Nd5 28.Qg3
f5 29.Qh4 Qe7 30.e6 Rf6 31.g3 Ra2 32.Re2 Rxe6 33.Nxe6 Qxh4 { ...0-1, Pavlovic
Milos 2494 - Huzman Alexander 2573 , Vrnjacka Banja 1991 It (cat.9) } )
14...bxa5 { -0.11 CAP } 15.bxa5 Rab8 16.Qa2 c5 17.Ba3 cxd4 18.Bxd6 Qxd6
19.exd4 Ne4 20.Rfc1 Rfc8 21.Nd1 h6 { ?! } ( 21...Rxc1 { !? } 22.Rxc1 Nf8
23.Ne3 Ne6 24.Nf5 Qf4 25.Ne7+ Kh8 26.Re1 Qd6 27.Nf5 { } ) 22.h3 { ?! } (
22.Rxc8+ { !? } 22...Bxc8 23.Rxb8 Nxb8 24.Ne3 Be6 25.Qb1 Nc6 26.Bxe4 dxe4
27.Qxe4 Nxa5 { } ) 22...Rc7 23.Rxc7 Qxc7 24.Qa3 Bc8 25.Rxb8 Nxb8 26.Ne3 Bb7 {
?! } ( 26...Be6 { !? } 27.Qb3 Qc1+ 28.Nf1 Nc6 29.Qb6 Qc3 30.Qxa6 g6 31.Qa8+
Kg7 { } ) 27.Ne5 Nd6 28.h4 h5 29.Nc2 { ?! } ( 29.f3 { !? } 29...g6 30.Qc5 Qxc5
31.dxc5 Nc8 32.Nc2 Ne7 33.Nd4 Kg7 { } ) 29...Nd7 30.Nxd7 Qxd7 31.Qc5 Nc4
32.Ne3 { ?! } ( 32.Bxc4 { !? } 32...dxc4 33.Qxc4 Qd8 34.Qe2 g6 35.Qe5 Bc6
36.Qg5 Qxg5 37.hxg5 f5 38.gxf6 Kf7 { } ) 32...Qb5 { ?? } ( 32...Nxe3 33.fxe3
Qe6 34.Kf2 Qf6+ 35.Kg3 Qe6 36.Kf2 Qf6+ 37.Kg3 Qe6 38.Kf2 Qf6+ 39.Kg3 Qe6 { } )
33.Qc7 Bc6 34.Nxc4 { } {#r} 1-0

[Event "It \"]
[Site "masterchessopen.com Kuala Lumpur (Malaysia)"]
[Date "2007.08.25"]
[Round "10"]
[White "Khairul Anam (INA)"]
[Black "Chandler Murray G (ENG)"]
[Result "0-1"]
[WhiteElo "2316"]
[BlackElo "2540"]

1.d4 Nf6 2.c4 e6 3.Nc3 Bb4 4.e3 O-O 5.Bd3 d5 6.Nf3 b6 7.O-O Bb7 8.cxd5 exd5
9.Ne5 Bd6 10.f4 c5 11.Rf3 g6 12.Bd2 Nc6 13.Qa4 Nb4 14.Be2 Ne4 15.Be1 f6 16.Nd3
Bc6 17.Qd1 Nxd3 18.Bxd3 f5 19.Ne2 Qe7 20.Rh3 c4 21.Bxe4 Qxe4 22.Bf2 b5 23.Ng3
Qe8 24.Nf1 a5 25.Nd2 b4 26.Rc1 a4 27.Nb1 Rf7 28.Rf3 Rb7 29.Nd2 c3 30.bxc3 b3
31.axb3 axb3 32.Rb1 b2 33.Qc2 Ra1 34.c4 Rxb1+ 35.Qxb1 dxc4 {#R} 0-1

[Event "Ch Serbia (team) (juniors)"]
[Site "masterchessopen.com Murska Sobota (Serbia)"]
[Date "2007.08.26"]
[Round "2"]
[White "Drnovsek Gal (SLO)"]
[Black "Titan Matej (SLO)"]
[Result "0-1"]
[WhiteElo "1636"]
[BlackElo "1701"]

1.d4 Nf6 2.c4 e6 3.Nc3 Bb4 4.Nf3 d5 5.e3 O-O 6.Bd3 b6 7.O-O Bb7 8.a3 Bd6 9.Re1
c5 10.b3 Nc6 11.Bb2 Qe7 12.Bc2 dxc4 13.bxc4 Rfd8 14.Qe2 Na5 15.Ng5 h6 16.Nge4
Nxe4 17.Bxe4 Bxe4 18.Nxe4 Bxh2+ 19.Kxh2 Qh4+ 20.Kg1 Qxe4 21.f3 Qh4 22.Rad1
Rac8 23.Rc1 cxd4 24.exd4 Nb3 25.Rcd1 Nxd4 26.Qe5 Nf5 27.g4 Qg5 28.Kh1 Nh4
29.Qc3 f6 30.Rd3 Qf4 {#R} 0-1